Бывает ли зарплата незаработанной

Detalles Bibliográficos
Autor Principal: Кутырев Б. П. Борис Павлович
Autor Corporativo: Академия наук СССР (АН СССР) Сибирское отделение (СО)
Outros autores: Митряшина И. В. Ирина Викторовна (редактор), Колобов А. Д.
Summary:Исключено из фонда НТБ ТПУ
Idioma:ruso
Publicado: Новосибирск, Наука, 1991
Series:Экономика социализма
Formato: MixedMaterials Libro
KOHA link:https://koha.lib.tpu.ru/cgi-bin/koha/opac-detail.pl?biblionumber=191524

MARC

LEADER 00000nam0a2200000 4500
001 191524
005 20231031180728.0
010 |a 5020298190 
035 |a (RuTPU)RU\TPU\book\208841 
090 |a 191524 
100 |a 20110206d1991 m y0rusy50 ca 
101 0 |a rus 
102 |a RU 
105 |a y z 000zy 
200 1 |a Бывает ли зарплата незаработанной  |f Б. П. Кутырев, И. В. Митряшина  |g Академия наук СССР (АН СССР), Сибирское отделение (СО); под ред. А. Д. Колобова 
210 |a Новосибирск  |c Наука  |d 1991 
215 |a 156 с. 
225 1 |a Экономика социализма 
333 |a Исключено из фонда НТБ ТПУ 
700 1 |a Кутырев  |b Б. П.  |g Борис Павлович 
701 1 |a Митряшина  |b И. В.  |g Ирина Викторовна 
702 1 |a Колобов  |b А. Д.  |4 340 
712 0 2 |a Академия наук СССР (АН СССР)  |b Сибирское отделение (СО)  |c (Новосибирск) 
801 1 |a RU  |b 63413507  |c 20110206 
801 2 |a RU  |b 63413507  |c 20220407  |g RCR 
942 |c BK